Colonialismo y neocolonialismo

Gespeichert in:
Bibliographische Detailangaben
1. Verfasser: Sartre, Jean-Paul (VerfasserIn)
Format: Buch
Sprache:Spanisch
Veröffentlicht: Buenos Aires Losada 1968
Ausgabe:2a. ed
Schlagworte:
Tags: Tag hinzufügen
Keine Tags, Fügen Sie den ersten Tag hinzu!

MARC

LEADER 00000nam a2200000 a 4500
001 UCX7452
003 CL-VaPUC
008 931210e19680000AG |||||||||||||||||spa|d
082 0 4 |a 194  |b SAR  |2 21 
100 0 |a Sartre, Jean-Paul  |e author  |9 269377 
245 1 0 |a Colonialismo y neocolonialismo 
250 |a 2a. ed 
300 |a 181 p 
942 |c BK 
945 |d 19931210 00:00:00  |a aalvarez 
260 |a Buenos Aires  |b Losada  |c 1968 
650 7 |a NEOCOLONIALISMO ENSAYOS, CONFERENCIAS, ETC  |2 CL-VaPUC  |9 324301 
583 |a last modification  |c 19931210 00:00:00  |k Rodrigo Vera 
999 |c 227266  |d 227264 
952 |0 0  |1 0  |4 0  |6 194_000000000000000_SAR_1968  |7 0  |8 A  |9 226169  |a BIBHIS  |b BIBHIS  |d 2019-11-15  |i 2948737  |l 3  |o 194 SAR 1968  |p 2948737  |r 2025-01-20  |s 2024-10-08  |w 2019-11-15  |y BK  |k HIS